[Event "Hamburg HSK Elo op 5th"]
[Site "Hamburg"]
[Date "2007.04.30"]
[Round "5.14"]
[White "Carl, Jan Frederik"]
[Black "Lochmann, Viktor"]
[Result "1-0"]
[WhiteElo "1997"]
[BlackElo "1958"]
[PlyCount "50"]
[EventDate "2007.04.28"]
[EventType "swiss"]
[EventRounds "7"]
[EventCountry "GER"]
[SourceTitle "EXT 2009"]
[Source "ChessBase"]
[SourceDate "2008.11.26"]
[SourceVersion "1"]
[SourceVersionDate "2008.11.26"]
[SourceQuality "1"]

1. e4 c6 2. d4 d5 3. f3 dxe4 4. fxe4 Nf6 5. Nc3 Bg4 6. Be2 Bxe2 7. Ngxe2 e6 8. 0-0 Be7 9. Qe1 Nbd7 10. Qg3 Rg8 11. Rf3 Qa5 12. Be3 e5 13. Raf1 0-0-0 14. Kh1 Bd6 15. Qe1 Qc7 16. Ng3 exd4 17. Bxd4 Bxg3 18. Qxg3 Qxg3 19. Rxg3 c5 20. Bxf6 Nxf6 21. e5 Nd5 22. Nb5 Kb8 23. c4 Nf4 24. h4 Ng6 25. Rxf7 Nxe5 1-0

[Event "Karl Mala Memorial op 10th"]
[Site "Griesheim"]
[Date "2006.07.23"]
[Round "7"]
[White "Foermes, Alexander"]
[Black "Carl, Jan Frederik"]
[Result "0-1"]
[WhiteElo "2054"]
[BlackElo "1782"]
[PlyCount "94"]
[EventDate "2006.07.20"]
[EventType "swiss"]
[EventRounds "7"]
[EventCountry "GER"]
[SourceTitle "CBM 113 Extra"]
[Source "ChessBase"]
[SourceDate "2006.09.14"]
[SourceVersion "1"]
[SourceVersionDate "2006.09.14"]
[SourceQuality "1"]

1. c4 Nf6 2. g3 g6 3. Bg2 Bg7 4. Nc3 0-0 5. e4 d6 6. Nge2 e5 7. 0-0 Be6 8. d3 c6 9. h3 Nbd7 10. f4 Nc5 11. f5 Bd7 12. g4 h6 13. Be3 g5 14. d4 exd4 15. Bxd4 Re8 16. e5 Rxe5 17. Bxe5 dxe5 18. Qd2 Qb6 19. Kh1 Re8 20. Rab1 Qb4 21. b3 e4 22. Qe3 a5 23. Rbc1 Bc8 24. Rc2 a4 25. Nxa4 Nxa4 26. bxa4 Qxa4 27. Qb3 Qa5 28. Qe3 Qe5 29. Qg3 Qc5 30. Rd1 Bf8 31. Qc3 Bg7 32. Qd4 Qa5 33. Qd2 Qe5 34. Re1 Nd7 35. Nc3 e3 36. Qe2 Qg3 37. Ne4 Rxe4 38. Bxe4 Qxh3+ 39. Kg1 Qg3+ 40. Bg2 Bd4 41. Rd1 c5 42. Rb1 Ne5 43. a4 Nxg4 44. a5 Bxf5 45. Rcb2 Be4 46. Rxb7 Bxg2 47. Qxg2 e2+ 0-1

[Event "Karl Mala Memorial op 10th"]
[Site "Griesheim"]
[Date "2006.07.21"]
[Round "3"]
[White "Weiler, Wolfgang"]
[Black "Carl, Jan Frederik"]
[Result "1-0"]
[WhiteElo "2159"]
[BlackElo "1782"]
[PlyCount "69"]
[EventDate "2006.07.20"]
[EventType "swiss"]
[EventRounds "7"]
[EventCountry "GER"]
[SourceTitle "CBM 113 Extra"]
[Source "ChessBase"]
[SourceDate "2006.09.14"]
[SourceVersion "1"]
[SourceVersionDate "2006.09.14"]
[SourceQuality "1"]

1. Nf3 Nf6 2. c4 e6 3. Nc3 d5 4. d4 c6 5. e3 Nbd7 6. Qc2 Bb4 7. a3 Ba5 8. Bd3 0-0 9. Bd2 Bxc3 10. Bxc3 dxc4 11. Bxc4 Nb6 12. Bd3 Nbd5 13. Bd2 h6 14. e4 Nb6 15. e5 Nfd5 16. h4 f5 17. exf6 Nxf6 18. Bb4 Rf7 19. Ne5 Rc7 20. 0-0-0 Nbd5 21. Bd2 b5 22. Kb1 c5 23. dxc5 Rxc5 24. Qb3 Qc7 25. f4 Bd7 26. g4 h5 27. gxh5 Nxh5 28. Bb4 Nxb4 29. axb4 Rd5 30. Be4 Rxd1+ 31. Rxd1 Rd8 32. Rxd7 Rxd7 33. Qxe6+ Rf7 34. Qe8+ Rf8 35. Bd5+ 1-0

[Event "Karl Mala Memorial op 10th"]
[Site "Griesheim"]
[Date "2006.07.20"]
[Round "1"]
[White "Markgraf, Stefan"]
[Black "Carl, Jan Frederik"]
[Result "0-1"]
[WhiteElo "2129"]
[BlackElo "1782"]
[PlyCount "48"]
[EventDate "2006.07.20"]
[EventType "swiss"]
[EventRounds "7"]
[EventCountry "GER"]
[SourceTitle "CBM 113 Extra"]
[Source "ChessBase"]
[SourceDate "2006.09.14"]
[SourceVersion "1"]
[SourceVersionDate "2006.09.14"]
[SourceQuality "1"]

1. e4 e6 2. d4 d5 3. Nc3 Bb4 4. e5 c5 5. a3 Bxc3+ 6. bxc3 Ne7 7. Qg4 0-0 8. Bd3 Ng6 9. Bxg6 fxg6 10. h4 cxd4 11. cxd4 Qc7 12. Ra2 Qc4 13. Rb2 Nc6 14. Ne2 Nxe5 15. Qg3 Nd7 16. h5 gxh5 17. Rxh5 Nf6 18. Rg5 Rf7 19. f3 b6 20. Re5 Ba6 21. Rxe6 Ne4 22. Rxe4 dxe4 23. c3 exf3 24. Nf4 Qxc3+ 0-1

[Event "Wuerzburg op Seniors 15th"]
[Site "Wuerzburg"]
[Date "2005.08.30"]
[Round "5"]
[White "Wawrinsky, Ludwig"]
[Black "Carl, Jan Frederik"]
[Result "1-0"]
[WhiteElo "1806"]
[BlackElo "1788"]
[PlyCount "81"]
[EventDate "2005.08.27"]
[EventType "swiss"]
[EventRounds "9"]
[EventCountry "GER"]
[SourceTitle "EXT 2007"]
[Source "ChessBase"]
[SourceDate "2006.11.23"]
[SourceVersion "1"]
[SourceVersionDate "2006.11.23"]
[SourceQuality "1"]

1. e4 e6 2. d4 d5 3. e5 c5 4. c3 Nc6 5. Nf3 Qb6 6. Be2 Bd7 7. 0-0 Rc8 8. a4 Nh6 9. a5 Nxa5 10. dxc5 Qc7 11. b4 Nc6 12. Bf4 a5 13. Qd2 b6 14. b5 Na7 15. c6 Bxc6 16. bxc6 Nxc6 17. Bb5 Kd8 18. c4 Nb4 19. Nc3 Nf5 20. g4 Ne7 21. Ne4 Nec6 22. Rac1 Ke8 23. cxd5 exd5 24. e6 Qb7 25. exf7+ Kxf7 26. Neg5+ Kg8 27. Qe2 Qe7 28. Qd2 Qf6 29. Rfe1 Bc5 30. Bxc6 Rxc6 31. Rxc5 bxc5 32. Re8+ Qf8 33. Rxf8+ Kxf8 34. Ne5 Rc8 35. Nef7 Rg8 36. Nd6 Ra8 37. Nxh7+ Ke7 38. Qe2+ Kd7 39. Qb5+ Ke6 40. Ng5+ Kf6 41. Qd7 1-0

[Event "Pinneberg-ch"]
[Site "Pinneberg"]
[Date "2004.09.02"]
[Round "4"]
[White "Carl, Jan Frederik"]
[Black "Singh, Gurpreetpal"]
[Result "1-0"]
[WhiteElo "1746"]
[BlackElo "1600"]
[PlyCount "77"]
[EventDate "2004.08.12"]
[EventType "swiss"]
[EventRounds "7"]
[EventCountry "GER"]
[SourceTitle "EXT 2005"]
[Source "ChessBase"]
[SourceDate "2004.11.15"]
[SourceVersion "1"]
[SourceVersionDate "2004.11.15"]
[SourceQuality "1"]

1. e4 e5 2. Nf3 Nc6 3. Bc4 Nf6 4. d3 h6 5. Nc3 Bc5 6. 0-0 d6 7. h3 Be6 8. Bb3 0-0 9. Be3 Nd4 10. Bxd4 exd4 11. Ne2 Bxb3 12. axb3 d5 13. e5 Nd7 14. Nexd4 Nxe5 15. Re1 Nxf3+ 16. Nxf3 Re8 17. d4 Bb6 18. Qd3 Qf6 19. Ne5 Re7 20. Re3 Qf4 21. c3 Rae8 22. Rae1 Qg5 23. Rf3 f6 24. Rf5 Qh4 25. Kh2 fxe5 26. g3 e4 27. Qe3 Qf6 28. Rxf6 gxf6 29. Qxh6 Kf7 30. b4 a5 31. bxa5 Bxa5 32. Qd2 b5 33. b4 Bb6 34. Ra1 Rh8 35. Kg2 Ke6 36. Qf4 Reh7 37. h4 Rh5 38. Ra6 Rf5 39. Qxc7 1-0